Política social desde cooperativas reguladas: Argentina Trabaja-Programa Ingreso Social con Trabajo /
El artículo examina el programa de inclusión social implementado en Argentina a través de las cooperativas reguladas. El objetivo principal del estudio es analizar cómo este programa ha contribuido a mejorar la situación socioeconómica de los participantes y promover la inclusión social. El programa...
Guardado en:
| Autor principal: | |
|---|---|
| Formato: | Libro |
| Lenguaje: | Spanish |
| Publicado: |
San José, Costa Rica:
Editorial UCR 1959-
2019
|
| Materias: | |
| Etiquetas: |
Agregar Etiqueta
Sin Etiquetas, Sea el primero en etiquetar este registro!
|
MARC
| LEADER | 00000nam a22000007a 4500 | ||
|---|---|---|---|
| 003 | cru IIS | ||
| 005 | 20230905150042.0 | ||
| 007 | ta | ||
| 008 | 220721s2019 cr |||||r|||| 00| 0 spa d | ||
| 040 | |c cru IIS | ||
| 100 | 1 | |9 10598 |a Gisselle Ferrari Mango, Cynthia |e Autora | |
| 245 | 1 | |a Política social desde cooperativas reguladas: |b Argentina Trabaja-Programa Ingreso Social con Trabajo / |c Cynthia Gisselle Ferrari Mango | |
| 260 | |a San José, Costa Rica: |b Editorial UCR 1959- |c 2019 | ||
| 300 | |a páginas 121-133 | ||
| 520 | |a El artículo examina el programa de inclusión social implementado en Argentina a través de las cooperativas reguladas. El objetivo principal del estudio es analizar cómo este programa ha contribuido a mejorar la situación socioeconómica de los participantes y promover la inclusión social. El programa ha generado oportunidades de empleo y brindado apoyo económico a personas en situación de vulnerabilidad, permitiéndoles acceder a recursos y servicios necesarios. Además, se ha observado una mejora en la participación y el empoderamiento de los beneficiarios, quienes han adquirido habilidades laborales y sociales a través de su participación en las cooperativas. Este enfoque basado en la cooperación y la regulación ha demostrado ser efectivo para abordar la pobreza y la exclusión social, promoviendo la autonomía y la integración de los individuos en la sociedad. El estudio destaca la importancia de políticas sociales inclusivas y de la colaboración entre el Estado, las cooperativas y otros actores para lograr resultados positivos en términos de desarrollo social y económico. RAR 03/2023 | ||
| 650 | 0 | |2 OCDE |9 289 |a POLITICA SOCIAL | |
| 650 | 0 | |2 OCDE |9 193 |a COOPERATIVAS | |
| 650 | 0 | |2 OCDE |9 11594 |a INCLUSION SOCIAL | |
| 650 | 0 | |2 OCDE |9 288 |a EMPLEO | |
| 650 | 0 | |2 UNESCO |9 4610 |a VULNERABILIDAD SOCIAL | |
| 650 | 0 | |2 OCDE |9 285 |a EXCLUSION SOCIAL | |
| 650 | 0 | |2 OCDE |9 7979 |a AUTONOMIA | |
| 650 | 0 | |2 UNESCO |9 71 |a DESARROLLO ECONOMICO Y SOCIAL | |
| 651 | 0 | |2 OCDE |9 3346 |a ARGENTINA | |
| 773 | 0 | |0 18728 |9 7616 |a Universidad de Costa Rica. |d San José, Costa Rica Editorial UCR 1959- |o 23625 |t Revista de Ciencias Sociales/ |x 04825276 | |
| 942 | |2 ddc |c PP | ||
| 999 | |c 44401 |d 44401 | ||
| 773 | 0 | |0 18728 |9 7618 |a Universidad de Costa Rica. |d San José, Costa Rica Editorial UCR 1959- |o 23627 |t Revista de Ciencias Sociales/ |x 04825276 | |
